书目信息 |
| 题名: |
森林植被防灾学
|
|
| 作者: | 吴增志 著 | |
| 分册: | ||
| 出版信息: | 北京 科学出版社 2004.05 |
|
| 页数: | 301页 | |
| 开本: | 24cm | |
| 丛书名: | 华夏英才基金学术文库 | |
| 单 册: | ||
| 中图分类: | S718.54 | |
| 科图分类: | ||
| 主题词: | 森林植被--Sen Lin Zhi Bei--防灾 | |
| 电子资源: | ||
| ISBN: | 7-03-012850-8 | |
| 000 | 01067nam 2200325 450 | |
| 001 | CAL 012004083256 | |
| 005 | 20050613090604.97 | |
| 010 | @a7-03-012850-8@dCNY 58.00 | |
| 092 | @b0001701-278 | |
| 099 | @aCAL 012004083256 | |
| 100 | @a20040811d2004 ekmy0chiy0121 ea | |
| 101 | 0 | @achi |
| 102 | @aCN@b110000 | |
| 105 | @aak a 001yy | |
| 200 | 1 | @a森林植被防灾学@Asen lin zhi bei fang zai xue@f吴增志等著@Fwu zeng zhi deng zhu |
| 210 | @a北京@c科学出版社@d2004.05 | |
| 215 | @a301页@c图@d24cm | |
| 225 | 2 | @a华夏英才基金学术文库@AHua Xia Ying Cai Ji Jin Xue Shu Wen Ku |
| 320 | @a有书目和索引 | |
| 330 | @a全书包括基础知识、防灭原理、灾害的预测与评价、防灾技术四篇。本书具有三个显著的特点:一是综合性、二是创新性、三是应用价值高。 | |
| 410 | 0 | @12001 @a华夏英才基金学术文库 |
| 606 | 0 | @a森林植被@ASen Lin Zhi Bei@x防灾 |
| 690 | @aS718.54@v4 | |
| 700 | 0 | @4著 |
| 701 | 0 | @a吴增志@Awu zeng zhi@4著 |
| 801 | 0 | @aCN@bNMU@c20050613 |
| 801 | 2 | @aCN@bCAU@c20041102 |
| 905 | @a10447@dS718.54@eW920 | |
| 906 | @dCNY58.00@n0@r1 | |
| 998 | @aNMU | |
| 森林植被防灾学/吴增志等著.-北京:科学出版社,2004.05 |
| 301页:图;24cm.-(华夏英才基金学术文库) |
| ISBN 7-03-012850-8:CNY 58.00 |
| 全书包括基础知识、防灭原理、灾害的预测与评价、防灾技术四篇。本书具有三个显著的特点:一是综合性、二是创新性、三是应用价值高。 |
| ● |
| 相关链接 |
|
|
|
正题名:森林植被防灾学
索取号:S718.54/W920
 
预约/预借
| 序号 | 登录号 | 条形码 | 馆藏地/架位号 | 状态 | 备注 |
| 1 | 532475 | 205324754 | 自科库401/401自科库 68排7列4层/ [索取号:S718.54/W920] | 在馆 | |
| 2 | 532476 | 205324763 | 自科库401/401自科库 68排7列4层/ [索取号:S718.54/W920] | 在馆 | |
| 3 | 532477 | 205324772 | 自科库401/401自科库 68排7列4层/ [索取号:S718.54/W920] | 在馆 | |
| 4 | 532478 | 205324781 | 自科库401/401自科库 68排7列4层/ [索取号:S718.54/W920] | 在馆 |